Southville International School and Colleges
Your cart is empty.
  • Cart
  • Lists
    Public lists Eva Luna New books Lux_list list_1
    Your lists Log in to create your own lists
  • Log in to your account
  • Your cookies
  • Search history
Southville International School and Colleges
  • Advanced search
  • Recent comments
  • Most popular
  • Libraries

Log in to your account

Log in with GOOGLE


If you do not have an external account, but do have a local account, you can still log in:

  1. Home
  2. MARC view: Handbook of neonatal intensive care /
Normal view MARC view ISBD view

Handbook of neonatal intensive care / (Record no. 39248)

[ view plain ]
MARC details
000 -LEADER
fixed length control field 00617nam a2200205 a 4500
005 - DATE AND TIME OF LATEST TRANSACTION
control field 20140311163003.0
008 - FIXED-LENGTH DATA ELEMENTS--GENERAL INFORMATION
fixed length control field 021205s19uu xx 00 eng d
020 ## - INTERNATIONAL STANDARD BOOK NUMBER
International Standard Book Number 0323014712
050 ## - LIBRARY OF CONGRESS CALL NUMBER
Classification number RJ 253.5
Item number .H36 2002
100 ## - MAIN ENTRY--PERSONAL NAME
Personal name Merenstein, Gerald B.
245 ## - TITLE STATEMENT
Title Handbook of neonatal intensive care /
Statement of responsibility, etc Gerald B. Merenstein.
250 ## - EDITION STATEMENT
Edition statement 5th ed.
260 ## - PUBLICATION, DISTRIBUTION, ETC. (IMPRINT)
Place of publication, distribution, etc United States :
Name of publisher, distributor, etc Mosby,
Date of publication, distribution, etc 2002.
300 ## - PHYSICAL DESCRIPTION
Extent 863 p. :
Other physical details ill. ;
Dimensions 23 cm.
521 ## - TARGET AUDIENCE NOTE
Target audience note
650 ## - SUBJECT ADDED ENTRY--TOPICAL TERM
Topical term or geographic name as entry element Neonatal Intensive Care
General subdivision handbooks, manuals etc.
650 ## - SUBJECT ADDED ENTRY--TOPICAL TERM
Topical term or geographic name as entry element Infant, Newborn, Diseases
General subdivision theraphy.
942 ## - ADDED ENTRY ELEMENTS (KOHA)
Koha item type Books
Source of classification or shelving scheme Library of Congress Classification
Call number prefix Foreign
Holdings
Withdrawn status Lost status Source of classification or shelving scheme Damaged status Home library Current library Shelving location Date acquired Total Checkouts Full call number Barcode Date last seen Copy number Price effective from Koha item type
    Library of Congress Classification   College Library College Library General Circulation Section 12/05/2002   RJ 253.5 .H36 2002 C1401 05/15/2018 1 02/19/2014 Books

Handbook of neonatal intensive care /

APA

Merenstein G. B., . (2002). Handbook of neonatal intensive care. United States: Mosby.

Chicago

Merenstein Gerald B, . 2002. Handbook of neonatal intensive care. United States: Mosby.

Harvard

Merenstein G. B., . (2002). Handbook of neonatal intensive care. United States: Mosby.

MLA

Merenstein Gerald B, . Handbook of neonatal intensive care. United States: Mosby. 2002.

  • Place hold
  • Print
  • Cite
  • Add to your cart (remove)
  • Save record
    BIBTEX Dublin Core MARCXML MARC (non-Unicode/MARC-8) MARC (Unicode/UTF-8) MARC (Unicode/UTF-8, Standard) MODS (XML) RIS
  • More searches
    Search for this title in:
    Other Libraries (WorldCat) Other Databases (Google Scholar) Online Stores (Bookfinder.com) Open Library (openlibrary.org)

Exporting to Dublin Core...

SOUTHVILLE LIBRARY

Southville International School and Colleges Library

1281 Tropical Ave. Cor. Luxembourg St., BF Homes International, Las Pinas City

Tel. No. 8256374 / 252358 Loc. 117/146

Powered by Koha